000 02922ncm0a2200433 4500
001 RU\NLR\ONIZ\224790
005 20250626150441.0
013 _a979-0-9003263-3-1
021 _aRU
_b18-453
_918-НО-П-34
035 _a(NLR Aleph) 011907726
071 2 0 _a12016
071 2 0 _a11906
090 _a10918060
_c10918060
100 _a20170911d2017 |||y0rusy50 ca
101 0 _arus
102 _aRU
125 _azx
145 0 _ab
200 1 _aАнсамбли для фортепиано в четыре руки
_bНоты
_fВ. Грачёв
210 _aМосква
_cКомпозитор
_d2017
215 _a15, [1] с.
_d29 см
313 _aСистематизация документа проведена по изданию - Методика классифицирования музыкальных произведений (нотных изданий) по таблицам Библиотечно-библиографических классификаций : метод. рекомендации / Гос. б-ка СССР им. В.И. Ленина.- М., 1977. Индексу ББК методических рекомендаций присваивается код ББК для научных библиотек - LBC/SL
327 1 _a1. Поезд в час десять;
_a2. Вальс для Марии.
_a3. Довоенный вальс / П. Аедоницкий ; перелож. для фп. в 4 руки В. Грачёва
464 0 _12001#$aПоезд в час десять
_1215##$aС.3-7
_tПоезд в час десять
464 0 _12001#$aВальс для Марии
_1215##$aС.8-12
_tВальс для Марии
464 0 _12001#$aДовоенный вальс$fП. Аедоницкий$gперелож. для фп. в 4 руки В. Грачёва
_1215##$aС.13-15
_1700#1$9z01790$aАедоницкий$bП.К.$gПавел Кузьмич$f1922-2003$4230$7ca
_1702#1$9z02790$aГрачёв$bВ. Н.$gВладимир Николаевич$f1950-$4030$7ca
_1790#1$9z01700$aAedonickij$bP. K.$gPavel Kuzmič$f1922-2003$4230$7ba
_1790#1$9z02702$aGračjov$bV. N.$gVladimir Nikolaevič$f1950-$4030$7ba
_tДовоенный вальс
_aАедоницкий, Павел Кузьмич (1922-2003)
606 1 _aАнсамбли для фортепиано в 4 руки
_yРоссия
_z20-21 вв.
_jНоты
_2nlr_sh
686 _aЩ952.425.4-058(2Р=Рус)я43
_vLBC/SL
_2rubbk
700 1 _9z02790
_aГрачёв
_bВ. Н.
_f1950-
_gВладимир Николаевич
_4230
_7ca
790 1 _9z02700
_aGračjov
_bV. N.
_f1950-
_gVladimir Nikolaevič
_4230
_7ba
801 0 _aRU
_bNLR
_c20170911
_gPSBO
801 1 _aRU
_bNLR
_c20170911
_2rusmarc
801 2 _aRU
_bNLR
_c20190630
852 _aNLR
_bМ
_jК-3/29727
_pМОЭ 2018-НО-П-34/453
_t1
852 _aNLR
_bМ
_jК-3/29727а
_pМОЭ 2018-НО-П-34/453а
_t2
942 _cSCORE
980 _aNB
980 _aONIZ